000
00257nam a2200109Ia 4500
008
240625s9999 xx 000 0 und d
041
_a
eng
082
_a
658.403801 JOS
100
_a
JOSHI GIRDHAR
245
_a
MANAGEMENT INFORMATION SYSTEMS
260
_c
2013
999
_c
38096
_d
38096